01141nam a2200241Ia 4500001000700000008004100007035001600048041000800064084001900072110007500091245005100166260004300217300005200260500040500312650001200717650003000729650003900759650002100798650001200819650001300831650001900844710003600863005910221003s2002 xx 000 0 spa d aCENDO_10276 aspa aMU-00043-00012 aCOMUNIDADES EUROPEASbIniciativa NOWbPrograma OPTIMAcPrograma OPTIMA 0aPrograma Óptima de igualdad de oportunidades aMadrid :bInstituto de la Mujer,c2002 a1 carp. (pag. var.) : gráf. , tab. ;c 30 cm aContiene : Objetivos, desarrollo y empresas participantes en el Programa Óptima; Empresas que obtienen el reconocimiento a 16 de abril de 2002; Distribución de la plantilla por sexos en las empresas del Programa Óptima; folleto del Programa Óptima: la rentabilización del capital humano en las empresas; Boletín Informativo n. 4 (diciembre 2000); Boletín Informativo n. 5 (octubre 2001) aMUJERES 0aIGUALDAD DE OPORTUNIDADES aDISCRIMINACION POR RAZONES DE SEXO aRECURSOS HUMANOS aEMPRESA aESPAÑA aPLAN DE ACCION aINSTITUTO DE LA MUJERcEspaña